| 000 | 00867nam a22001817a 4500 | ||
|---|---|---|---|
| 999 |
_c20982 _d20982 |
||
| 003 | AR-CdUCM | ||
| 008 | 190723b ||||| |||| 00| 0 spa d | ||
| 040 |
_aMUNICIPALIDAD PROVINCIAL DEL CUSCO _cBIBLIOTECA MUNICIPAL DEL CUSCO |
||
| 082 |
_aC / 050.61 / _bV87 |
||
| 110 |
_aColegio Las Mercedes _943772 |
||
| 245 |
_aLa Voz Mercedaria : _bedición extraordinaria Bodas de diamante 1910-1985 / |
||
| 260 |
_aCusco : _c1985. |
||
| 300 |
_a278 páginas ; _bilustraciones ; _c24 cm. |
||
| 505 | _aContenido : Incas y cronistas -- La universidad indoamericana del Cusco -- Vida y obra de la escritora Clorinda Matto de T. -- La timidez y la posibilidad de solución -- Responsabilidad tridimensional de la mujer : Esposa, madre y ciudadana -- El todo y sus partes -- Matemática y cultura ... | ||
| 650 |
_aColegio las Mercedes _943773 |
||
| 942 |
_2ddc _cPP |
||
| 945 | _azta | ||